000
00298nam a2200121Ia 4500
008
190216s9999||||xx |||||||||||||| ||und||
100
_a
John N Meyer
245
0
_a
Financial Statement Analysis
260
_b
Prentice Hall Of India Pvt Ltd
_c
1978
300
_a
270p
650
_a
Commerce
942
_c
BK
999
_c
4246
_d
4246